Catalog

Record Details

Catalog Search



Moses-Sokrates-Jesus : Um die Begegnung mit der biblischen und antiken Welt / Fritz Leist Cover Image Book Book

Moses-Sokrates-Jesus : Um die Begegnung mit der biblischen und antiken Welt / Fritz Leist

Leist, Fritz (Author). : : (Author).

Record details

  • Physical Description: 448 s.
  • Publisher: Frankfurt am Main : Verlag Josef Knecht ; Carolusdruckerei , 1959

Available copies

  • 1 of 1 copy available at Common Catalog SPOK.

Holds

  • 0 current holds with 1 total copy.
Show Only Available Copies
Location Call Number / Copy Notes Barcode Shelving Location Status Due Date
ETS Library 221.9 424470016342 Volný výběr Available -

LDR 00712nam a2200241 i 4500
00134365
003CZ-PrJAB
00520180312194752.0
007ta
008 s1959 xr e 000 0 cze
035 . ‡a(CONS)13631
040 . ‡aABG450 ‡bcze ‡erda
072 7. ‡2Konspekt
082 . ‡a221.9
1001 . ‡aLeist, Fritz
1112 . ‡n: ‡d:
24510. ‡aMoses-Sokrates-Jesus : ‡bUm die Begegnung mit der biblischen und antiken Welt / ‡nFritz Leist
264 1. ‡aFrankfurt am Main : ‡bVerlag Josef Knecht ; Carolusdruckerei , ‡c1959
300 . ‡a448 s.
336 . ‡atext ‡btxt ‡2rdacontent
338 . ‡asvazek ‡bnc ‡2rdacarrier
8524 . ‡bETS ‡bETS ‡cVolný výběr ‡j221.9 ‡p424470016342 ‡y$50.00
910 . ‡aABG450
999 . ‡a13631 ‡c13631 ‡tbiblio
905 . ‡uadmin
901 . ‡a34365 ‡b ‡c34365 ‡tbiblio ‡sets

Additional Resources